[Event "Rated Blitz game"]
[Site "?"]
[Date "2021.06.26"]
[Round "?"]
[White "Kostov_64"]
[Black "Dzon_Vejn"]
[Result "0-1"]
[WhiteElo "2424"]
[BlackElo "2473"]
[PlyCount "70"]
[EventDate "2021.??.??"]
[EventType "blitz"]

1. e4 e5 2. Nf3 d5 3. Nxe5 Bd6 4. d4 dxe4 5. Nc4 Be7 6. Be2 Nf6 7. Nc3 O-O 8.
O-O Bf5 9. f3 exf3 10. Bxf3 c6 11. Ne5 Be6 12. Bg5 Nbd7 13. Qe2 h6 14. Bh4 Re8
15. Rae1 Qc7 16. Bg3 Qb6 17. Qd2 Qxb2 18. Rb1 Qa3 19. Rxb7 Bb4 20. Be1 Nxe5 21.
dxe5 Rad8 22. Qf4 Bc5+ 23. Kh1 Qa6 24. Bxc6 Qxc6 25. exf6 Qxb7 26. fxg7 Rd4 27.
Qxh6 f5 28. Qh8+ Kf7 29. Rxf5+ Bxf5 30. Qxe8+ Kxe8 31. g8=Q+ Bf8 32. Qg3 Qe7
33. Qb8+ Rd8 34. Qb5+ Kf7 35. Qxf5+ Qf6 {Time forfeit} 0-1

[Event "Rated Blitz tournament 9UX6h6Ca"]
[Site "?"]
[Date "2021.06.26"]
[Round "?"]
[White "Chesstomioka"]
[Black "Akmamedov_Mergen"]
[Result "1-0"]
[WhiteElo "2566"]
[BlackElo "2242"]
[PlyCount "137"]
[EventDate "2021.??.??"]
[EventType "blitz"]

1. e4 e5 2. Nf3 d5 3. Nxe5 Bd6 4. d4 dxe4 5. Nc3 Bxe5 6. dxe5 Qxd1+ 7. Kxd1 Bf5
8. Bc4 Nc6 9. Bf4 O-O-O+ 10. Kc1 h6 11. Bxf7 Nge7 12. Re1 Rhf8 13. e6 Nd4 14.
Be5 Nxe6 15. Bxe6+ Bxe6 16. Nxe4 g5 17. Ng3 Nf5 18. Nxf5 Bxf5 19. f3 Rfe8 20.
Bg3 Rxe1+ 21. Bxe1 g4 22. f4 h5 23. Bc3 Be4 24. g3 Bf3 25. b3 Re8 26. Be5 Rd8
27. c4 Rd1+ 28. Kc2 Rd7 29. Re1 c6 30. Bc3 Rh7 31. f5 h4 32. f6 hxg3 33. hxg3
Rh2+ 34. Kc1 Rh7 35. Re8+ Kd7 36. Rg8 Rf7 37. Kd2 Ke6 38. Ke3 Bd1 39. Re8+ Kf5
40. Re7 Kg6 41. Kf4 Bf3 42. Ke5 b5 43. Kd6 bxc4 44. bxc4 a6 45. a4 Bg2 46. a5
Bf3 47. Rxf7 Kxf7 48. Kc5 Ke6 49. Kb6 Be2 50. Kxa6 Bxc4+ 51. Kb6 Bd5 52. a6 c5
53. Kxc5 Ba8 54. a7 Kf7 55. Kb6 Ke6 56. Kc7 Bf3 57. Kb8 Kf7 58. a8=Q Bxa8 59.
Kxa8 Ke6 60. Kb7 Kf7 61. Kc7 Ke6 62. Kd8 Kf7 63. Kd7 Kf8 64. Ke6 Ke8 65. f7+
Kf8 66. Bb4+ Kg7 67. f8=Q+ Kg6 68. Qf7+ Kg5 69. Bd2# {Normal} 1-0

[Event "Rated Blitz game"]
[Site "?"]
[Date "2021.06.26"]
[Round "?"]
[White "canhhuan"]
[Black "annaly1979"]
[Result "1-0"]
[WhiteElo "2587"]
[BlackElo "2432"]
[PlyCount "57"]
[EventDate "2021.??.??"]
[EventType "blitz"]

1. e4 e5 2. Nf3 d5 3. Nc3 dxe4 4. Nxe4 f5 5. Ng3 e4 6. Ne5 Nf6 7. d4 Be6 8. Bc4
Bxc4 9. Nxc4 Nc6 10. Nxf5 g6 11. Ng3 Qxd4 12. Qe2 Bb4+ 13. Bd2 Bxd2+ 14. Nxd2
O-O-O 15. O-O-O Qa4 16. a3 Nd4 17. Qc4 Qxc4 18. Nxc4 Rhe8 19. Ne3 h5 20. h4 b5
21. Rd2 Rd6 22. Rhd1 Red8 23. b3 c5 24. Kb2 b4 25. Nc4 R6d7 26. axb4 cxb4 27.
Nf1 Ng4 28. Nfe3 Ne5 29. Nxe5 {Normal} 1-0

[Event "Rated Blitz game"]
[Site "?"]
[Date "2021.06.26"]
[Round "?"]
[White "pinpinela"]
[Black "alaeldin112"]
[Result "1-0"]
[WhiteElo "2404"]
[BlackElo "2275"]
[PlyCount "45"]
[EventDate "2021.??.??"]
[EventType "blitz"]

1. e4 e5 2. Nf3 d5 3. Nxe5 Bd6 4. d4 dxe4 5. Bc4 Bxe5 6. dxe5 Qxd1+ 7. Kxd1 Nc6
8. e6 Bxe6 9. Bxe6 fxe6 10. Bg5 Nf6 11. c3 O-O-O+ 12. Kc2 Rd5 13. Be3 Ng4 14.
Nd2 Rhd8 15. Rad1 Nxe3+ 16. fxe3 Rf8 17. Rhf1 Rxd2+ 18. Kxd2 Rf6 19. Ke2 Ne5
20. Rd4 Nd3 21. Rxf6 gxf6 22. Rxe4 Nc5 23. Rh4 {Normal} 1-0

[Event "Rated Blitz tournament AjZTxcdZ"]
[Site "?"]
[Date "2021.06.26"]
[Round "?"]
[White "ATBENINA64"]
[Black "Gendut_BKD"]
[Result "1-0"]
[WhiteElo "2457"]
[BlackElo "2376"]
[PlyCount "149"]
[EventDate "2021.??.??"]
[EventType "blitz"]

1. e4 e5 2. Nf3 d5 3. exd5 e4 4. Ne5 Qxd5 5. Nc4 Nf6 6. Nc3 Qe6 7. Ne3 Bd6 8.
d3 exd3 9. Bxd3 O-O 10. O-O Nc6 11. Re1 Ne5 12. Bf5 Qe8 13. Bxc8 Qxc8 14. Ncd5
Nxd5 15. Nxd5 Re8 16. Bf4 Qf5 17. Qd2 Rad8 18. Bg3 c6 19. Ne3 Qg6 20. Qc3 f6
21. Rad1 Bb8 22. Qb3+ Qf7 23. Nf5 Qxb3 24. axb3 g6 25. Ne3 Kf7 26. f4 Nd7 27.
Kf2 Nb6 28. Kf3 Bc7 29. Bf2 f5 30. g3 Nd7 31. Nc4 Nf8 32. Bxa7 Rxe1 33. Rxe1
Ne6 34. Bf2 b5 35. Ne5+ Bxe5 36. Rxe5 Rd2 37. Re2 Rxe2 38. Kxe2 Ke7 39. Kd3 Kd6
40. b4 Kd5 41. b3 c5 42. c4+ bxc4+ 43. bxc4+ Kc6 44. b5+ Kd6 45. Be1 Nd8 46.
Bc3 Nb7 47. Be5+ Ke6 48. Bc7 Kd7 49. Bb6 Kd6 50. Ke3 Ke6 51. Kf3 Kd6 52. h4 Ke6
53. g4 Kf6 54. Bc7 fxg4+ 55. Kxg4 h5+ 56. Kg3 Kf5 57. Kf3 Kf6 58. Ke4 Ke6 59.
Be5 Nd8 60. b6 Nb7 61. Bc7 Na5 62. Bd8 Nb7 63. Bg5 Na5 64. Kd3 Nb7 65. Kc3 Na5
66. Kb2 Nxc4+ 67. Kb3 Nxb6 68. Kc3 Nd5+ 69. Kd3 Nxf4+ 70. Ke3 Kf5 71. Bxf4 c4
72. Bg5 Kg4 73. Kd4 c3 74. Kxc3 Kh3 75. Kd4 {Normal} 1-0

[Event "Rated Blitz game"]
[Site "?"]
[Date "2021.06.26"]
[Round "?"]
[White "Tokar1987"]
[Black "davidpeng"]
[Result "0-1"]
[WhiteElo "2409"]
[BlackElo "2492"]
[PlyCount "82"]
[EventDate "2021.??.??"]
[EventType "blitz"]

1. e4 e5 2. Nf3 d5 3. Nxe5 Bd6 4. d4 dxe4 5. Nc3 Bxe5 6. dxe5 Qxd1+ 7. Kxd1 Nc6
8. Bb5 Bd7 9. Bxc6 Bxc6 10. Bg5 Ne7 11. Bxe7 Kxe7 12. Ke2 Rhe8 13. Ke3 Kf8 14.
Kf4 Rad8 15. Rad1 e3 16. Rxd8 Rxd8 17. Kxe3 Bxg2 18. Rg1 Bc6 19. f4 g6 20. h4
Ke7 21. h5 Ke6 22. hxg6 hxg6 23. Ne2 Ke7 24. Nd4 Bd7 25. Rh1 c5 26. Nf3 Bc6 27.
Rh7 Bxf3 28. Kxf3 Rd2 29. Ke4 Ke6 30. Rh8 Rxc2 31. Rc8 Rxb2 32. Rxc5 Rxa2 33.
Rc7 Rb2 34. Kd4 a5 35. Rc8 a4 36. Re8+ Kd7 37. Rf8 Ke7 38. Ra8 b5 39. Ra7+ Kf8
40. Kd5 Rb4 41. Rb7 a3 {Normal} 0-1

[Event "Rated Blitz tournament r9AWp4qD"]
[Site "?"]
[Date "2021.06.26"]
[Round "?"]
[White "bosspotato"]
[Black "batasjon"]
[Result "0-1"]
[WhiteElo "2430"]
[BlackElo "2396"]
[PlyCount "40"]
[EventDate "2021.??.??"]
[EventType "blitz"]

1. e4 e5 2. Nf3 d5 3. exd5 e4 4. Qe2 Nf6 5. d3 Qxd5 6. Nc3 Bb4 7. Bd2 Bxc3 8.
Bxc3 O-O 9. dxe4 Nxe4 10. Bd4 Nc6 11. O-O-O Rd8 12. c4 Qa5 13. Qxe4 Bf5 14. Qf4
Qxa2 15. Be2 Bg6 16. h4 h5 17. Rhg1 Nb4 18. Ne5 c5 19. Nxg6 fxg6 20. Bc3 Qa1# {
Normal} 0-1

[Event "Rated Blitz game"]
[Site "?"]
[Date "2021.06.25"]
[Round "?"]
[White "pryanshumanishpatil"]
[Black "magos33"]
[Result "1-0"]
[WhiteElo "2402"]
[BlackElo "2358"]
[PlyCount "119"]
[EventDate "2021.??.??"]
[EventType "blitz"]

1. e4 e5 2. Nf3 d5 3. Nxe5 Bd6 4. d4 dxe4 5. Nc4 Nf6 6. Be2 O-O 7. O-O Bf5 8.
Nc3 Be7 9. Be3 Nbd7 10. f3 exf3 11. Bxf3 c6 12. Qe2 Bg6 13. Rad1 Re8 14. Qf2
Nb6 15. Ne5 Nbd5 16. Nxd5 Nxd5 17. Bxd5 Qxd5 18. c4 Qe6 19. Bf4 Bh5 20. Rde1 f6
21. Nd3 Qxc4 22. Re3 Bg6 23. b3 Qxd4 24. Ne1 Bc5 25. Rxe8+ Rxe8 26. Qxd4 Bxd4+
27. Kh1 Re2 28. Nf3 Bb6 29. a4 Be4 30. Ne1 Ba5 31. Bg3 Bxe1 32. Rxe1 Bxg2+ 33.
Kg1 Rxe1+ 34. Bxe1 Be4 35. Bf2 Bc2 36. Bxa7 Bxb3 37. a5 Kf7 38. Kf2 Ke6 39. Bc5
Kd5 40. Bf8 g6 41. Bg7 f5 42. Bc3 Ke4 43. Bb4 Kd4 44. Bd6 c5 45. Bc7 c4 46.
Bb6+ Kd3 47. Be3 c3 48. Bh6 c2 49. Ke1 Kc3 50. Bc1 Kd3 51. Bh6 Bd5 52. Bc1 Be4
53. Bg5 Kc3 54. Bc1 Kb3 55. Ke2 Ka2 56. Kd2 Kb1 57. Ba3 f4 58. Bc1 f3 59. Ba3
f2 60. Ke2 {Time forfeit} 1-0

[Event "Rated Blitz game"]
[Site "?"]
[Date "2021.06.25"]
[Round "?"]
[White "capatilla"]
[Black "Fantastic_power06"]
[Result "0-1"]
[WhiteElo "2589"]
[BlackElo "2663"]
[PlyCount "102"]
[EventDate "2021.??.??"]
[EventType "blitz"]

1. e4 e5 2. Nf3 d5 3. exd5 e4 4. Qe2 Nf6 5. d3 Qxd5 6. dxe4 Qxe4 7. Nc3 Bb4 8.
Bd2 Qxe2+ 9. Bxe2 O-O 10. O-O-O Re8 11. Rhe1 Nc6 12. Bc4 Bg4 13. h3 Bxf3 14.
gxf3 Rxe1 15. Rxe1 Rf8 16. Nd5 Nxd5 17. Bxd5 Bxd2+ 18. Kxd2 Rd8 19. c4 Nb4 20.
Kc3 Nxd5+ 21. cxd5 Kf8 22. Kc4 Re8 23. Re3 Re7 24. Kc5 Rd7 25. Rb3 b6+ 26. Kc6
Ke7 27. Re3+ Kd8 28. Re5 f6 29. Rf5 Rd6+ 30. Kb5 g6 31. Rf4 Rxd5+ 32. Ka6 f5
33. Kxa7 Ra5+ 34. Kb7 Rxa2 35. Rb4 Kd7 36. Rb3 Kd6 37. f4 h6 38. h4 h5 39. Rg3
Rxb2 40. Rxg6+ Kd5 41. Kxc7 Rxf2 42. Rg5 Rxf4 43. Rxh5 b5 44. Kb6 b4 45. Rh8 b3
46. Rd8+ Ke4 47. h5 b2 48. Rd1 Rh4 49. Rb1 f4 50. Kc5 Rxh5+ 51. Kc4 Rh2 {Normal
} 0-1

[Event "Rated Blitz game"]
[Site "?"]
[Date "2021.06.25"]
[Round "?"]
[White "NormWeinstein"]
[Black "annaly1979"]
[Result "1-0"]
[WhiteElo "2504"]
[BlackElo "2479"]
[PlyCount "89"]
[EventDate "2021.??.??"]
[EventType "blitz"]

1. e4 e5 2. Nf3 d5 3. d4 dxe4 4. Nxe5 Bd6 5. Bf4 Nf6 6. Be2 O-O 7. O-O Nc6 8.
Nc3 Bf5 9. f3 exf3 10. Bxf3 Nb4 11. Rf2 c6 12. Kh1 Bc7 13. Qd2 Re8 14. Raf1 Bg6
15. h3 Nbd5 16. Bg5 Bxe5 17. dxe5 Rxe5 18. Bxd5 cxd5 19. Rxf6 gxf6 20. Bxf6 Qd6
21. Bxe5 Qxe5 22. Qxd5 Qxd5 23. Nxd5 Bxc2 24. Rc1 Be4 25. Nf6+ Kg7 26. Nxe4 Re8
27. Nd6 Re2 28. Rc7 Rxb2 29. Rxf7+ Kg6 30. Rxb7 Rxa2 31. Kh2 a5 32. Ra7 a4 33.
Nc4 h5 34. h4 Kf5 35. Ra5+ Kg4 36. Nb6 Kxh4 37. Rxa4+ Rxa4 38. Nxa4 Kg4 39. Nc3
Kh4 40. Ne4 Kg4 41. Nf2+ Kh4 42. g3+ Kg5 43. Kh3 Kf5 44. Kh4 Kg6 45. Nh3 {
Normal} 1-0

[Event "Rated Blitz game"]
[Site "?"]
[Date "2021.06.25"]
[Round "?"]
[White "bjmdc"]
[Black "annaly1979"]
[Result "0-1"]
[WhiteElo "2492"]
[BlackElo "2429"]
[PlyCount "32"]
[EventDate "2021.??.??"]
[EventType "blitz"]

1. e4 e5 2. Nf3 d5 3. Nc3 dxe4 4. Nxe5 Nf6 5. Bc4 Bc5 6. Nxf7 Qd4 7. O-O Qxc4
8. Nxh8 Nc6 9. Nxe4 Nxe4 10. Qh5+ Kf8 11. d3 Nf6 12. Ng6+ hxg6 13. Qxg6 Qf7 14.
Qg5 Bd6 15. Re1 Bd7 16. Bd2 Qh5 {Normal} 0-1

[Event "Rated Blitz game"]
[Site "?"]
[Date "2021.06.25"]
[Round "?"]
[White "varaman"]
[Black "Berovski"]
[Result "0-1"]
[WhiteElo "2350"]
[BlackElo "2401"]
[PlyCount "74"]
[EventDate "2021.??.??"]
[EventType "blitz"]

1. e4 e5 2. Nf3 d5 3. exd5 e4 4. Qe2 Nf6 5. Nc3 Bf5 6. d3 Bb4 7. Bg5 Bxc3+ 8.
bxc3 Qxd5 9. Bxf6 gxf6 10. Nd2 Qa5 11. Nxe4 Bxe4 12. Qxe4+ Kd8 13. Kd2 Nc6 14.
Rb1 Re8 15. Qh4 Qxa2 16. Rxb7 Kc8 17. Rb3 Qa1 18. Be2 Qxh1 19. Qxf6 Rxe2+ 20.
Kxe2 Qxg2 21. Qh8+ Nd8 22. Qxh7 Qg4+ 23. f3 Qg2+ 24. Ke3 Qg1+ 25. Kd2 Qf2+ 26.
Kc1 Qxf3 27. h4 a5 28. h5 a4 29. Rb4 a3 30. Rb1 Qf1+ 31. Kd2 Qxb1 32. Qf5+ Kb8
33. h6 a2 34. h7 a1=Q 35. Qe4 Qc1+ 36. Ke2 Qxc2+ 37. Ke3 Qe1+ {Normal} 0-1

[Event "Rated Blitz game"]
[Site "?"]
[Date "2021.06.25"]
[Round "?"]
[White "ilimchess"]
[Black "JHUNAKz1976"]
[Result "0-1"]
[WhiteElo "2402"]
[BlackElo "2376"]
[PlyCount "48"]
[EventDate "2021.??.??"]
[EventType "blitz"]

1. e4 e5 2. Nf3 d5 3. d4 dxe4 4. Nxe5 Bd6 5. Bc4 Bxe5 6. dxe5 Qxd1+ 7. Kxd1 Nc6
8. Bf4 Nge7 9. Nc3 Ng6 10. Nd5 Bg4+ 11. f3 exf3 12. g3 O-O-O 13. Ke1 Ncxe5 14.
Bb3 Rhe8 15. Kf2 c6 16. h3 Bf5 17. Ne3 Be4 18. Kf1 Nxf4 19. gxf4 Ng6 20. Bxf7
Re7 21. Bxg6 hxg6 22. Re1 Rd2 23. Ng4 Rxc2 24. Rh2 Bd3+ {Normal} 0-1

[Event "Rated Rapid game"]
[Site "?"]
[Date "2021.06.25"]
[Round "?"]
[White "masterSH"]
[Black "eagle123123"]
[Result "1-0"]
[WhiteElo "2502"]
[BlackElo "2319"]
[PlyCount "101"]
[EventDate "2021.??.??"]
[EventType "rapid"]

1. e4 e5 2. Nf3 d5 3. Nxe5 Bd6 4. d4 dxe4 5. Nc3 Bxe5 6. dxe5 Qxd1+ 7. Kxd1 Bf5
8. Nd5 Kd7 9. Bc4 Nc6 10. Bf4 Nge7 11. c3 Ng6 12. Ke2 Nxf4+ 13. Nxf4 Nxe5 14.
Rhd1+ Nd3 15. Nxd3 exd3+ 16. Bxd3 Bxd3+ 17. Rxd3+ Ke6 18. Rad1 Rhe8 19. Rd7 Re7
20. R7d4 Rae8 21. Kf3 f5 22. Re1+ Kf6 23. Rxe7 Rxe7 24. Rd8 g5 25. h3 h5 26.
Rf8+ Ke5 27. g4 fxg4+ 28. hxg4 h4 29. Rf5+ Ke6 30. Rxg5 Rf7+ 31. Kg2 Rd7 32. f4
Rd2+ 33. Kh3 Rxb2 34. f5+ Kf7 35. Rh5 Kg7 36. g5 Rxa2 37. g6 Rf2 38. Rh7+ Kg8
39. Kg4 a5 40. Rxc7 h3 41. Kg5 h2 42. f6 Rg2+ 43. Kf5 Rf2+ 44. Ke5 Re2+ 45. Kd6
Rd2+ 46. Kc5 Rd8 47. Rh7 Rc8+ 48. Kb5 Rc6 49. f7+ Kf8 50. Rh8+ Kg7 51. f8=Q+ {
Normal} 1-0

[Event "Rated Rapid game"]
[Site "?"]
[Date "2021.06.25"]
[Round "?"]
[White "SaiRaghav2008"]
[Black "NoName-Master"]
[Result "0-1"]
[WhiteElo "2280"]
[BlackElo "2406"]
[PlyCount "38"]
[EventDate "2021.??.??"]
[EventType "rapid"]

1. e4 e5 2. Nf3 d5 3. Nxe5 dxe4 4. d4 Be6 5. c4 c6 6. Nc3 Nf6 7. Bg5 Bb4 8. Be2
Nbd7 9. Qc2 h6 10. Bh4 O-O 11. O-O Bxc3 12. bxc3 Re8 13. Rad1 Bf5 14. d5 Rxe5
15. dxc6 bxc6 16. Qa4 Qb6 17. Rb1 Qc5 18. Rb7 e3 19. Bf3 Be4 {Normal} 0-1

[Event "Rated Blitz game"]
[Site "?"]
[Date "2021.06.25"]
[Round "?"]
[White "Patrik767"]
[Black "annaly1979"]
[Result "0-1"]
[WhiteElo "2489"]
[BlackElo "2482"]
[PlyCount "80"]
[EventDate "2021.??.??"]
[EventType "blitz"]

1. e4 e5 2. Nf3 d5 3. Bc4 dxc4 4. O-O Nc6 5. b3 cxb3 6. axb3 Nf6 7. d3 Bg4 8.
h3 Bh5 9. Bb2 Bd6 10. Nbd2 O-O 11. g4 Nxg4 12. hxg4 Bxg4 13. Qe1 f5 14. Nh2 Bh3
15. Kh1 Bxf1 16. Qxf1 Qh4 17. exf5 Rxf5 18. Ne4 Rh5 19. Qg2 Rf8 20. Rg1 g6 21.
Ng3 Rg5 22. Bc1 Rg4 23. f3 Rd4 24. Ne4 Rxe4 25. dxe4 Bc5 26. Rd1 Nd4 27. Be3
Bb6 28. Bxd4 Bxd4 29. c3 Bxc3 30. Rd7 Bd4 31. Qe2 b5 32. Rxc7 Qg3 33. Rc1 Qh4
34. Qxb5 Rxf3 35. Qd7 Rf7 36. Qd5 Kg7 37. Rd1 Kh6 38. Rxd4 Rf1+ 39. Kg2 Rf2+
40. Kg1 Qxh2# {Normal} 0-1

[Event "Rated Blitz game"]
[Site "?"]
[Date "2021.06.25"]
[Round "?"]
[White "BurnazovicE"]
[Black "JHUNAKz1976"]
[Result "0-1"]
[WhiteElo "2428"]
[BlackElo "2385"]
[PlyCount "68"]
[EventDate "2021.??.??"]
[EventType "blitz"]

1. e4 e5 2. Nf3 d5 3. Nxe5 dxe4 4. d4 Bd6 5. Nc4 Nc6 6. Nc3 Nf6 7. Bg5 Bf5 8.
Nd5 Be7 9. Nxe7 Qxe7 10. c3 O-O-O 11. Qb3 h6 12. Bh4 g5 13. Bg3 Nd5 14. O-O-O
Be6 15. Qa4 Kb8 16. h4 f5 17. hxg5 f4 18. Bh2 hxg5 19. Be2 Rh7 20. Ne5 Nxe5 21.
dxe5 Rdh8 22. Qxe4 Qf7 23. c4 Nb6 24. c5 Nd5 25. c6 b6 26. Bc4 Ne7 27. Bxe6
Qxe6 28. g3 Qxc6+ 29. Qxc6 Nxc6 30. gxf4 gxf4 31. e6 Rxh2 32. Rhe1 Re8 33. Rd7
Rxf2 34. e7 Kc8 {Normal} 0-1

[Event "Rated Blitz game"]
[Site "?"]
[Date "2021.06.25"]
[Round "?"]
[White "Latiza82"]
[Black "jflup"]
[Result "0-1"]
[WhiteElo "2398"]
[BlackElo "2511"]
[PlyCount "88"]
[EventDate "2021.??.??"]
[EventType "blitz"]

1. e4 e5 2. Nf3 d5 3. Nxe5 Bd6 4. d4 dxe4 5. Nc4 Be7 6. c3 Nf6 7. Be2 O-O 8.
O-O Nc6 9. f3 Bf5 10. fxe4 Bxe4 11. Bf3 h6 12. Nbd2 Bxf3 13. Qxf3 Qd5 14. Ne3
Qxf3 15. Nxf3 Rfe8 16. Nf5 Bf8 17. Bf4 Nd5 18. Bg3 g6 19. N5h4 Ne3 20. Ne5 Nxe5
21. Bxe5 Nxf1 22. Rxf1 Bd6 23. Nf3 Bxe5 24. Nxe5 Re7 25. Rf6 Kg7 26. Rf2 f6 27.
Nf3 g5 28. h3 Rae8 29. d5 Re2 30. c4 h5 31. g4 hxg4 32. hxg4 Rxf2 33. Kxf2 Re4
34. b3 Rxg4 35. c5 Kf7 36. Ke3 Rg2 37. a4 Rb2 38. Nd4 Ke7 39. Ke4 Rb1 40. Nb5
c6 41. dxc6 bxc6 42. Nxa7 Kd7 43. Kf5 Rxb3 44. Kxf6 Rb7 {Normal} 0-1

[Event "Rated Blitz game"]
[Site "?"]
[Date "2021.06.25"]
[Round "?"]
[White "Vekhjartad"]
[Black "lavilaine"]
[Result "0-1"]
[WhiteElo "2406"]
[BlackElo "2405"]
[PlyCount "64"]
[EventDate "2021.??.??"]
[EventType "blitz"]

1. e4 e5 2. Nf3 d5 3. Nxe5 Qe7 4. d4 f6 5. Nf3 dxe4 6. Nfd2 f5 7. Bc4 Be6 8.
O-O Nf6 9. Qe2 Nc6 10. c3 O-O-O 11. Bxe6+ Qxe6 12. Nc4 Bd6 13. Nxd6+ cxd6 14.
Na3 d5 15. Bf4 Rhg8 16. Rfd1 g5 17. Be5 Nxe5 18. dxe5 Qxe5 19. Rd4 f4 20. Rad1
g4 21. Qb5 f3 22. Qa5 a6 23. c4 e3 24. cxd5 exf2+ 25. Kxf2 Qe2+ 26. Kg3 Qxg2+
27. Kf4 Qxh2+ 28. Kf5 Qh5+ 29. Kxf6 Qg5+ 30. Ke6 Rge8+ 31. Kf7 Rf8+ 32. Ke6
Qf6# {Normal} 0-1

[Event "Rated Blitz game"]
[Site "?"]
[Date "2021.06.25"]
[Round "?"]
[White "M-K_2"]
[Black "Fantastic_power06"]
[Result "1-0"]
[WhiteElo "2555"]
[BlackElo "2672"]
[PlyCount "53"]
[EventDate "2021.??.??"]
[EventType "blitz"]

1. e4 e5 2. Nf3 d5 3. Nxe5 Bc5 4. d4 Bd6 5. exd5 Nf6 6. Nc3 O-O 7. Bg5 Nbd7 8.
f4 h6 9. Bh4 Qe8 10. Be2 Nb6 11. Bxf6 gxf6 12. O-O fxe5 13. fxe5 Be7 14. Bh5
Bg5 15. Qd3 Bd7 16. g3 c5 17. Rae1 cxd4 18. e6 Qd8 19. exf7+ Kg7 20. Ne4 Nxd5
21. Qxd4+ Nf6 22. Nxg5 hxg5 23. Re5 Rxf7 24. Rxg5+ Kf8 25. Bxf7 Kxf7 26. Rd5
Kg6 27. Rd6 {Normal} 1-0

[Event "Rated Blitz game"]
[Site "?"]
[Date "2021.06.25"]
[Round "?"]
[White "M-K_2"]
[Black "Fantastic_power06"]
[Result "0-1"]
[WhiteElo "2558"]
[BlackElo "2668"]
[PlyCount "50"]
[EventDate "2021.??.??"]
[EventType "blitz"]

1. e4 e5 2. Nf3 d5 3. Nxe5 Bd6 4. d4 dxe4 5. Nc4 Nc6 6. Nc3 Bf5 7. g4 Bg6 8.
Bg2 h5 9. d5 Ne5 10. Nxe5 Bxe5 11. Nxe4 hxg4 12. Qxg4 Rh4 13. Qe2 Nf6 14. Bg5
Rxe4 15. Bxe4 Bxe4 16. Bxf6 Qxf6 17. Qxe4 O-O-O 18. O-O-O Bxb2+ 19. Kb1 Qb6 20.
Qe3 Bd4+ 21. Qb3 Rxd5 22. c3 Rb5 23. Rxd4 Rxb3+ 24. axb3 Qxb3+ 25. Kc1 Qxc3+ {
Normal} 0-1

[Event "Rated Blitz game"]
[Site "?"]
[Date "2021.06.25"]
[Round "?"]
[White "Quaritch79"]
[Black "annaly1979"]
[Result "0-1"]
[WhiteElo "2463"]
[BlackElo "2447"]
[PlyCount "88"]
[EventDate "2021.??.??"]
[EventType "blitz"]

1. e4 e5 2. Nf3 d5 3. exd5 e4 4. Nd4 c5 5. Nb3 f5 6. c4 Nf6 7. Nc3 Bd6 8. d3
O-O 9. Bg5 Qe8 10. Bxf6 Rxf6 11. dxe4 fxe4 12. h3 a6 13. Qc2 Bf5 14. g4 Bg6 15.
O-O-O Bf4+ 16. Kb1 e3 17. Bd3 exf2 18. Bxg6 Qxg6 19. Qxg6 hxg6 20. Rhf1 Bg3 21.
Ne4 Rf3 22. Nxg3 Rxg3 23. Rxf2 Rxh3 24. Nxc5 b6 25. Ne6 Nd7 26. Ng5 Rg3 27. Rd4
Rc8 28. b3 b5 29. Rf7 Ne5 30. Ra7 bxc4 31. bxc4 Nxc4 32. Ra8 Na3+ 33. Kb2 Rxa8
34. Ne4 Rb8+ 35. Kc1 Rg2 36. Nc3 Rc8 37. Rd3 Nb5 38. d6 Rxc3+ 39. Rxc3 Nxc3 40.
d7 Nxa2+ 41. Kd1 Nc3+ 42. Ke1 Re2+ 43. Kf1 Rd2 44. g5 Rxd7 {Normal} 0-1

[Event "Rated Blitz game"]
[Site "?"]
[Date "2021.06.25"]
[Round "?"]
[White "Powerqueretaro"]
[Black "artsportscience"]
[Result "1/2-1/2"]
[WhiteElo "2326"]
[BlackElo "2401"]
[PlyCount "72"]
[EventDate "2021.??.??"]
[EventType "blitz"]

1. e4 e5 2. Nf3 d5 3. exd5 e4 4. Ne5 Qxd5 5. d4 exd3 6. Nxd3 Nf6 7. Nc3 Qe6+ 8.
Be2 Bd6 9. O-O O-O 10. Bg5 Nc6 11. Re1 Qf5 12. Bxf6 Qxf6 13. Ne4 Qg6 14. Nxd6
Qxd6 15. c3 Bf5 16. Nb4 Qg6 17. Bf3 Nxb4 18. cxb4 Rad8 19. Qe2 c6 20. Rad1 h6
21. Rxd8 Rxd8 22. Rd1 Rxd1+ 23. Qxd1 Qf6 24. Qd2 Qe6 25. h3 Qxa2 26. Qd4 a6 27.
Qb6 Qxb2 28. Qxb7 Qc1+ 29. Kh2 Qd2 30. Qxc6 Qxf2 31. Qxa6 Qd4 32. b5 Qf4+ 33.
Kh1 Qc1+ 34. Kh2 Qf4+ 35. Kh1 Qc1+ 36. Kh2 Qf4+ {Normal} 1/2-1/2

[Event "Rated Blitz game"]
[Site "?"]
[Date "2021.06.25"]
[Round "?"]
[White "Florianger"]
[Black "annaly1979"]
[Result "0-1"]
[WhiteElo "2458"]
[BlackElo "2448"]
[PlyCount "104"]
[EventDate "2021.??.??"]
[EventType "blitz"]

1. e4 e5 2. Nf3 d5 3. exd5 e4 4. Qe2 f5 5. d3 Nf6 6. Nc3 Bb4 7. Bg5 Bxc3+ 8.
bxc3 O-O 9. Bxf6 Qxf6 10. Nd4 c5 11. Nb3 Qxc3+ 12. Qd2 Qf6 13. Be2 Nd7 14. O-O
b6 15. c4 Ne5 16. Rae1 Bd7 17. dxe4 fxe4 18. Bd1 Qg6 19. Kh1 Rae8 20. Bc2 Ng4
21. Bd1 e3 22. fxe3 Rxf1+ 23. Rxf1 Nxe3 24. Rg1 Bg4 25. Bxg4 Nxg4 26. Rf1 h5
27. Qf4 Kh7 28. h3 Ne3 29. Rg1 Re4 30. Qf2 Nxc4 31. Re1 Nd6 32. Rxe4 Nxe4 33.
Qe3 h4 34. Kh2 Qd6+ 35. Kh1 Ng3+ 36. Kg1 Qxd5 37. Nd2 Qxa2 38. Qd3+ Kh8 39.
Qd8+ Qg8 40. Qxh4+ Qh7 41. Qxg3 Qf5 42. Qb8+ Kh7 43. Nf3 c4 44. Qxa7 c3 45. Qc7
c2 46. Kh2 Qc5 47. Qb7 c1=Q 48. Qe4+ Kg8 49. Qe8+ Qf8 50. Qe6+ Kh8 51. Ne5
Qff4+ 52. g3 Qf2# {Normal} 0-1

[Event "Rated Blitz game"]
[Site "?"]
[Date "2021.06.25"]
[Round "?"]
[White "Izzrayizzix"]
[Black "annaly1979"]
[Result "1-0"]
[WhiteElo "2481"]
[BlackElo "2443"]
[PlyCount "45"]
[EventDate "2021.??.??"]
[EventType "blitz"]

1. e4 e5 2. Nf3 d5 3. Nxe5 Qe7 4. d4 f6 5. Nd3 Nc6 6. c3 Bf5 7. Be2 Bxe4 8. O-O
Qf7 9. Re1 O-O-O 10. Bf3 f5 11. a4 Nf6 12. Bf4 h6 13. Ne5 Qe8 14. Nd2 g5 15.
Nxc6 Qxc6 16. Be5 Bg7 17. Be2 f4 18. f3 Bf5 19. Qb3 Kb8 20. Bb5 Qb6 21. a5 Bc2
22. axb6 Bxb3 23. bxc7+ {Normal} 1-0

[Event "Rated Blitz game"]
[Site "?"]
[Date "2021.06.25"]
[Round "?"]
[White "Chisopa1"]
[Black "KamranShirazi"]
[Result "1-0"]
[WhiteElo "2403"]
[BlackElo "2553"]
[PlyCount "91"]
[EventDate "2021.??.??"]
[EventType "blitz"]

1. e4 e5 2. Nf3 d5 3. exd5 e4 4. Qe2 Nf6 5. d3 Bb4+ 6. Bd2 O-O 7. dxe4 Bc5 8.
Bg5 c6 9. Nc3 cxd5 10. O-O-O Re8 11. Nxd5 Qxd5 12. Rxd5 Nxd5 13. Qb5 Nd7 14.
exd5 a6 15. Qa4 Bxf2 16. Bd3 h6 17. Bd2 b5 18. Qf4 Nf6 19. d6 Bb7 20. Rf1 Bc5
21. Bb4 Be3+ 22. Qxe3 Rxe3 23. Kd2 Rae8 24. Bc5 R3e6 25. Nd4 Re5 26. Bb4 Ne4+
27. Bxe4 Rxe4 28. c3 Bc8 29. Rf2 Bd7 30. Nf3 R4e6 31. Bc5 Rc8 32. b4 Rc6 33.
Nd4 Rcxd6 34. Bxd6 Rxd6 35. Re2 g6 36. Re7 Kf8 37. Re2 a5 38. a3 axb4 39. axb4
Ra6 40. Kd3 Ra1 41. h3 Rd1+ 42. Kc2 Rg1 43. Kb3 Rc1 44. Ra2 Rd1 45. Re2 h5 46.
Re5 {Time forfeit} 1-0

[Event "Rated Blitz tournament EH0IOrXa"]
[Site "?"]
[Date "2021.06.25"]
[Round "?"]
[White "Scary_ghost"]
[Black "Sweetsex"]
[Result "1/2-1/2"]
[WhiteElo "2286"]
[BlackElo "2570"]
[PlyCount "28"]
[EventDate "2021.??.??"]
[EventType "blitz"]

1. e4 e5 2. Nf3 d5 3. Nc3 dxe4 4. Nxe4 f5 5. Ng3 e4 6. Ne5 Nf6 7. d4 exd3 8.
Bxd3 Bd6 9. Nc4 O-O 10. Nxd6 Qxd6 11. O-O f4 12. Ne4 Qe5 13. Nxf6+ Qxf6 14. Qf3
Nc6 {Normal} 1/2-1/2

[Event "Rated Blitz game"]
[Site "?"]
[Date "2021.06.25"]
[Round "?"]
[White "piluso1984"]
[Black "Tristan2020"]
[Result "1-0"]
[WhiteElo "2453"]
[BlackElo "2332"]
[PlyCount "61"]
[EventDate "2021.??.??"]
[EventType "blitz"]

1. e4 e5 2. Nf3 d5 3. Nxe5 Bd6 4. d4 dxe4 5. Bf4 Nf6 6. Bc4 O-O 7. O-O Nc6 8.
c3 Bg4 9. Be2 Bxe2 10. Qxe2 Re8 11. Nxc6 bxc6 12. Bg5 Be7 13. Nd2 Nd5 14. Bxe7
Qxe7 15. Rfe1 f5 16. Nc4 Qh4 17. g3 Qh3 18. Qf1 Qg4 19. Ne5 Qh5 20. f3 e3 21.
f4 Re6 22. Qe2 Qh3 23. Qg2 Qh5 24. Nxc6 Nxf4 25. Ne7+ Kf7 26. Qxa8 Nh3+ 27. Kg2
Nf4+ 28. gxf4 Rh6 29. Qd5+ Kxe7 30. Rxe3+ Kf8 31. Qd8+ {Normal} 1-0